Score 0/8 Timer 03:00
0 Plays Today
what the gatemage can do Degree of gatemage % Correct
Can find, go through, 'lock', open and create gates of any length. Can have from 2 dozen to multiple 100 gates. MaleGatefather
90.9%
Can find, go through, 'lock', open and create gates of any length. Can have from 2 dozen to multiple 100 gates. FemaleGatemother
82.1%
Can find gatesSniffer
66.7%
Can find, go through, open 'locked' gates and can sometimes 'lock' gatesKeyfriend
63.6%
Can find, go through, and 'lock' gatesLockfriend
57.6%
Can find, go through, 'lock', open and create gates of short lengths. About a dozen at a time. MalePathbrother
54.5%
Can find, go through, 'lock', open and create gates of short lengths. About a dozen at a time. FemalePathsister
53.6%
Can find and go through gatesDoormouse
45.5%
Remove Ads.
Support Sporcle.
Get the best of Sporcle when you Go Orange. This ad-free experience offers more features, more stats, and more fun while also helping to support Sporcle. Thank you for becoming a member.

You're not logged in!

Compare scores with friends on all Sporcle quizzes.
OR
Log In

Sporcle TV

Today on Sporcle TV


Watch our educational content, quiz creation guides, and fun videos on Sporcle TV.

Show Comments

Extras

Top Quizzes Today


Score Distribution

Paid Content

Your Account Isn't Verified!

In order to create a playlist on Sporcle, you need to verify the email address you used during registration. Go to your Sporcle Settings to finish the process.

Report this User

Report this user for behavior that violates our Community Guidelines.

Details: